| 000 | 00413nam a2200145 a 4500 | ||
|---|---|---|---|
| 001 | 2508 | ||
| 003 | CDMR | ||
| 005 | 20130726102148.0 | ||
| 008 | 130130s1985||||||||||||||||||||||||||||d | ||
| 040 |
_aCDMR _bcat _cCPC GIRONA |
||
| 100 | 1 |
_aGómez-Reino Carnota, Enrique _91882 |
|
| 245 | 1 | 0 |
_aLegislación básica de derecho de la información _cGómez-Reino y Carnota, Enrique |
| 260 |
_c1985 _bTecnos |
||
| 942 |
_cMON _2udc |
||
| 999 |
_c2508 _d2508 |
||